02225 2200265 4500001002100000005001500021035002000036007000300056008004100059020002200100100001800122245007900140250001000219260003300229300003700262700002700299700001700326082000800343084001500351650001700366500145600383990004001839990004001879990004001919INLIS00000000000677920260603025551 a0010-0725000055ta260603 g 0 ind  a978-623-6189-19-11 aYekti, Ananti1 aPeluang dan Tantangan Pengembangan Agribisnis Hortikultura /cAnanti Yekti acet.1 aYogyakarta :bPrineka,c2024 aviii, 108 hlm. :bilus. ;c21 cm1 aSadiyah, Fitri Naimatu1 aPrayoga, Adi a635 a635 Yek p 4aHortikultura aTanaman Obat atau dikenal dengan nama biofarmaka adalah jenis-jenis tanaman yang memiliki fungsi dan berkhasiat sebagai obat dan dipergunakan untuk penyembuhan atau pun mencegah berbagai penyakit. Tujuan pengobatan dan kesehatan dilakukan baik secara tradisional maupun modern. Tanaman biofarmaka digunakan dalam berbagai bentuk seperti obat tradisional, ramuan, dan ekstrak tumbuhan. Dalam konteks pertanian dan hortikultura, tanaman biofarmaka biasanya memiliki nilai ekonomi tinggi karena manfaat kesehatan yang ditawarkannya. Tanaman biofarmaka tidak hanya dipakai dalam skala industri farmasi tetapi juga banyak dibudidayakan oleh masyarakat sebagai tanaman apotek hidup. Pemanfaatan Tanaman biofarmaka semakin meningkat seiring dengan tren kesehatan alami dan perkembangan riset yang mendukung efektivitasnya. Peluang bisnis biofarmaka sangat besar, ini didukung dengan naiknya permintaan terhadap produk-produk berbahan herbal alami pasca pandemi Covid 19. Peluang bisnis tidak hanya di pasar domestik tetapi juga di pasar global. Selain peluang pasar, adanyan dukungan dari perintah juga merupakan salah satu faktor penting pendukung tercapainya bisnis dibidang biofarmaka. Tantangan dalam bisnis bofarmaka adalah adanya regulasi yang ketat, persaingan dengan obat konvensional dan standarisasi produk. Regulasi bisnis biofarmaka di Indonesia diatur oleh berbagai regulasi yang bertujuan untuk memastika kemanan, kualitas, dan efikasi produk. ac.1/82/Polbangtan Yoma/ha/2025 Buku ac.2/82/Polbangtan Yoma/ha/2025 Buku ac.3/82/Polbangtan Yoma/ha/2025 Buku